00385nam a2200145Ia 4500003000400000005001700004008004100021040000700062041000800069082001900077100002200096245007300118260004000191365000800231OSt20230628143158.0210423s9999 xx 000 0 und d cAL aeng a370 223bSARE aSARASWATHI (L S). aExperince with people.bCurriculum planning and material production. bState Resource CentreaKeralac2002 cINR